<?xml version="1.0" encoding="UTF-8"?>
<record
    xmlns:xsi="http://www.w3.org/2001/XMLSchema-instance"
    xsi:schemaLocation="http://www.loc.gov/MARC21/slim http://www.loc.gov/standards/marcxml/schema/MARC21slim.xsd"
    xmlns="http://www.loc.gov/MARC21/slim">

  <leader>01222nam a2200253Ia 4500</leader>
  <controlfield tag="003">OSt</controlfield>
  <controlfield tag="005">20200718124123.0</controlfield>
  <controlfield tag="008">191128s2001    ck     er     000 f spa d</controlfield>
  <datafield tag="020" ind1=" " ind2=" ">
    <subfield code="a">9580408548</subfield>
  </datafield>
  <datafield tag="040" ind1=" " ind2=" ">
    <subfield code="a">CO-JMCR</subfield>
    <subfield code="c">CO-JMCR</subfield>
  </datafield>
  <datafield tag="041" ind1=" " ind2=" ">
    <subfield code="a">spa</subfield>
  </datafield>
  <datafield tag="082" ind1="0" ind2="4">
    <subfield code="a">N /</subfield>
    <subfield code="b">KENc</subfield>
  </datafield>
  <datafield tag="100" ind1="1" ind2=" ">
    <subfield code="a">Kendall, Sarita, </subfield>
    <subfield code="d">1943</subfield>
    <subfield code="e">autora</subfield>
    <subfield code="9">7531</subfield>
  </datafield>
  <datafield tag="245" ind1="1" ind2="3">
    <subfield code="a">La campana del arrecife /</subfield>
    <subfield code="c">Sarita Kendall ; traducci&#xF3;n Jorge C&#xE1;rdenas Nannetti</subfield>
  </datafield>
  <datafield tag="260" ind1=" " ind2=" ">
    <subfield code="a">Bogot&#xE1; : </subfield>
    <subfield code="b">Norma, </subfield>
    <subfield code="c">2001</subfield>
  </datafield>
  <datafield tag="300" ind1=" " ind2=" ">
    <subfield code="a">174 p&#xE1;ginas ; </subfield>
    <subfield code="c">19 cm.</subfield>
  </datafield>
  <datafield tag="490" ind1="0" ind2=" ">
    <subfield code="a">Torre de papel. Torre amarilla</subfield>
  </datafield>
  <datafield tag="500" ind1=" " ind2=" ">
    <subfield code="a">Recomendado a partir de 11 a&#xF1;os.</subfield>
  </datafield>
  <datafield tag="505" ind1=" " ind2=" ">
    <subfield code="a">Viernes: la isla -- Viernes: Cartagena -- S&#xE1;bado: el arrecife -- Domingo: el cable -- Lunes por la ma&#xF1;ana: otra vez en el arrecife -- Lunes por la tarde: el descabezado -- Martes: la biblioteca -- Mi&#xE9;rcoles: Kika se luce -- Jueves: la partida</subfield>
  </datafield>
  <datafield tag="520" ind1=" " ind2=" ">
    <subfield code="a">Dos ni&#xF1;os, un isle&#xF1;o y una norteamericana, descubren un disco de oro en los arrecifes de una isla caribe&#xF1;a ubicada en las costas de Colombia. Juntos intentan sacar el disco del fondo del mar, y encuentran vestigios de un naufragio.</subfield>
  </datafield>
  <datafield tag="650" ind1="1" ind2="4">
    <subfield code="a">Novela juvenil</subfield>
    <subfield code="9">7533</subfield>
  </datafield>
  <datafield tag="700" ind1=" " ind2=" ">
    <subfield code="a">C&#xE1;rdenas Nannetti, Jorge, </subfield>
    <subfield code="e">traductor</subfield>
    <subfield code="9">2223</subfield>
  </datafield>
  <datafield tag="942" ind1=" " ind2=" ">
    <subfield code="2">ddc</subfield>
    <subfield code="c">BK</subfield>
  </datafield>
  <datafield tag="999" ind1=" " ind2=" ">
    <subfield code="c">4061</subfield>
    <subfield code="d">4061</subfield>
  </datafield>
</record>
